Tables de L`Ellipsoide de reference international adopte par l`Assemblie Generale de Madrid, le 7 octobre 1924... (Record no. 86952)

MARC details
000 -LEADER
fixed length control field 00622cam a2200193 4500
001 - CONTROL NUMBER
control field D13867
008 - FIXED-LENGTH DATA ELEMENTS--GENERAL INFORMATION
fixed length control field 090401t1928 xxu||||| |||| 00| 0 eng d
035 ## - SYSTEM CONTROL NUMBER
System control number (Sirsi) u12123
041 ## - LANGUAGE CODE
Language code of text/sound track or separate title eng
100 ## - MAIN ENTRY--PERSONAL NAME
Personal name Hasse, E.
245 ## - TITLE STATEMENT
Title Tables de L`Ellipsoide de reference international adopte par l`Assemblie Generale de Madrid, le 7 octobre 1924...
260 ## - PUBLICATION, DISTRIBUTION, ETC.
Place of publication, distribution, etc. Paris
Name of publisher, distributor, etc. Au secretarial de la Section
Date of publication, distribution, etc. 1928
300 ## - PHYSICAL DESCRIPTION
Extent ca.220p. ; 31cm.
350 ## - PRICE (NR) (BK AM CF MU VM SE) [OBSOLETE]
Price 0
490 ## - SERIES STATEMENT
Series statement Publication
Volume/sequential designation 3 Speciale
710 ## - ADDED ENTRY--CORPORATE NAME
Corporate name or jurisdiction name as entry element Section de Geodesie De L`Union Geodesique et Geophysique Internationale
9 (RLIN) 2716
942 ## - ADDED ENTRY ELEMENTS (KOHA)
Suppress in OPAC 0
948 ## - LOCAL PROCESSING INFORMATION (OCLC); SERIES PART DESIGNATOR (RLIN)
c (OCLC) 04/03/1997
Holdings
Withdrawn status Lost status Source of classification or shelving scheme Damaged status Not for loan Home library Current library Shelving location Date acquired Total Checkouts Full call number Barcode Date last seen Copy number Price effective from Koha item type
    Other/Generic Classification Scheme     London London Basement 14/09/1999   RESERVE SHELVES 30014083 06/08/2019 1 06/08/2019 Reference material